000
00361nam a2200169Ia 4500
100
_a
Prakash Dharam
650
_a
Philosophy
942
_c
BK
366
_f
25
654
_a
Excellence
245
_a
17 steps to Excellence
260
_b
Better Yourself Books
_a
Bandra
_c
1993
082
_a
170/PRA
_b
PRA
300
_a
181
546
_a
ENGLISH
999
_c
24874
_d
24874